Corporate information systems management : (Record no. 716)

MARC details
000 -LEADER
fixed length control field 01399cam a2200349 a 4500
001 - CONTROL NUMBER
control field 2088949
003 - CONTROL NUMBER IDENTIFIER
control field OSt
005 - DATE AND TIME OF LATEST TRANSACTION
control field 20230606151134.0
008 - FIXED-LENGTH DATA ELEMENTS--GENERAL INFORMATION
fixed length control field 951004s1996 iluab b 001 0 eng
010 ## - LIBRARY OF CONGRESS CONTROL NUMBER
LC control number 95039279
020 ## - INTERNATIONAL STANDARD BOOK NUMBER
International Standard Book Number 0256181160
040 ## - CATALOGING SOURCE
Original cataloging agency DLC
Transcribing agency DLC
Modifying agency DLC
050 00 - LIBRARY OF CONGRESS CALL NUMBER
Classification number HD30.2
Item number .A65 1996
082 00 - DEWEY DECIMAL CLASSIFICATION NUMBER
Classification number 658.4038
Item number APP
100 1# - MAIN ENTRY--PERSONAL NAME
Personal name Applegate, Lynda M.
245 10 - TITLE STATEMENT
Title Corporate information systems management :
Remainder of title text and cases /
Statement of responsibility, etc. Lynda M. Applegate, F. Warren McFarlan, James L. McKenney.
250 ## - EDITION STATEMENT
Edition statement 4th ed.
260 ## - PUBLICATION, DISTRIBUTION, ETC. (IMPRINT)
Place of publication, distribution, etc. Chicago :
Name of publisher, distributor, etc. Irwin,
Date of publication, distribution, etc. c1996.
300 ## - PHYSICAL DESCRIPTION
Extent xvii, 796 p. :
Other physical details ill., maps ;
Dimensions 25 cm.
500 ## - GENERAL NOTE
General note Rev. ed. of: Corporate information systems management / James I. Cash, Jr., F. Warren McFarlan, James L. McKenney. 3rd ed. 1992.
504 ## - BIBLIOGRAPHY, ETC. NOTE
Bibliography, etc Includes bibliographical references (p. 778-781) and index.
650 #0 - SUBJECT ADDED ENTRY--TOPICAL TERM
Topical term or geographic name as entry element Information technology
General subdivision Management.
650 #0 - SUBJECT ADDED ENTRY--TOPICAL TERM
Topical term or geographic name as entry element Management information systems.
650 #0 - SUBJECT ADDED ENTRY--TOPICAL TERM
Topical term or geographic name as entry element Information resources management.
650 #0 - SUBJECT ADDED ENTRY--TOPICAL TERM
Topical term or geographic name as entry element Information technology
General subdivision Management
-- Case studies.
700 1# - ADDED ENTRY--PERSONAL NAME
Personal name McFarlan, F. Warren
Fuller form of name (Franklin Warren)
700 1# - ADDED ENTRY--PERSONAL NAME
Personal name McKenney, James L.
700 1# - ADDED ENTRY--PERSONAL NAME
Personal name Cash, James I.
Title of a work Corporate information systems management.
906 ## - LOCAL DATA ELEMENT F, LDF (RLIN)
a 7
b cbc
c orignew
d 1
e ocip
f 19
g y-gencatlg
942 ## - ADDED ENTRY ELEMENTS (KOHA)
Source of classification or shelving scheme Dewey Decimal Classification
Koha item type Books
Holdings
Withdrawn status Lost status Source of classification or shelving scheme Damaged status Not for loan Home library Current library Date acquired Total Checkouts Full call number Barcode Date last seen Price effective from Koha item type
    Dewey Decimal Classification     Bunge Tower Library Bunge Tower Library 06/06/2023   658.4038 APP 100503 06/06/2023 06/06/2023 Books
LIBRARY OPENING HOURS

When the Parliament is sitting: 8.00a.m - 7.00p.m or until the house adjourns
Mondays and Fridays and when the House is on Recess:  8.00a.m - 5.00p.m
Closed on Weekends and Public Holidays

Online Public Access Catalog (OPAC)
Website: http://www.parliament.go.ke
Bunge Library: https://libraryir.parliament.go.ke
Contact: library@parliament.go.ke | Tel no: (254-2)2221291 or 2848000 Ext 5043